[Event "IECG CD.2005.0.00101 email"]
[Site "IECG email"]
[Date "2005.10.09"]
[Round "?"]
[White "Odonel Rodrigues, Paulo"]
[Black "Gamazo, Juan"]
[Result "1/2-1/2"]
[WhiteElo "1427"]
[BlackElo "1552"]
[PlyCount "55"]
[EventDate "2005.10.09"]
[EventType "tourn (corr)"]
[EventRounds "6"]
[SourceTitle "Corr 2008"]
[Source "ChessBase"]
[SourceDate "2008.06.24"]
[SourceVersion "1"]
[SourceVersionDate "2008.06.24"]
[SourceQuality "1"]

1. d4 d5 2. c4 e6 3. Nc3 c6 4. e3 Nf6 5. Nf3 Nbd7 6. Bd3 dxc4 7. Bxc4 b5 8. Bd3 Bd6 9. 0-0 0-0 10. Bd2 Bb7 11. Rc1 Rc8 12. Ng5 Be7 13. Qf3 b4 14. Nce4 Nxe4 15. Qxe4 Nf6 16. Qf3 Qd5 17. Ne4 Nxe4 18. Qxe4 Qxe4 19. Bxe4 Ba6 20. Rfd1 Bb5 21. a3 bxa3 22. bxa3 c5 23. dxc5 f5 24. Bb7 Rxc5 25. Bb4 Rxc1 26. Rxc1 Bxb4 27. axb4 Rd8 28. f3 1/2-1/2

[Event "IECG CE.2003.0.00046 email"]
[Site "IECG email"]
[Date "2003.01.26"]
[Round "?"]
[White "Couto, Rafael"]
[Black "Odonel Rodrigues, Paulo"]
[Result "1-0"]
[WhiteElo "1000"]
[BlackElo "1200"]
[PlyCount "87"]
[EventDate "2003.01.26"]
[EventType "tourn (corr)"]
[EventRounds "6"]
[SourceTitle "Corr 2008"]
[Source "ChessBase"]
[SourceDate "2008.06.24"]
[SourceVersion "1"]
[SourceVersionDate "2008.06.24"]
[SourceQuality "1"]

1. e4 c5 2. Nf3 Nc6 3. d4 cxd4 4. Nxd4 d5 5. Nxc6 bxc6 6. exd5 Qxd5 7. Bd2 Qe5+ 8. Be2 Qxb2 9. Bc3 Qb6 10. Nd2 Nf6 11. Nc4 Qc5 12. Bd4 Qd5 13. Ne5 Nd7 14. Bf3 Qa5+ 15. Qd2 Qxd2+ 16. Kxd2 Nxe5 17. Bxe5 Bd7 18. Rhb1 f6 19. Rb8+ Rxb8 20. Bxb8 a6 21. Rb1 e5 22. Rb7 h5 23. Ba7 f5 24. Bc5 g6 25. Be2 Be6 26. Bxa6 Rg8 27. Rb8+ Kf7 28. Bxf8 Rxf8 29. Rxf8+ Kxf8 30. a4 Ke7 31. h4 Kd6 32. a5 Bd5 33. g3 Kc7 34. Kc3 Kd6 35. Kb4 c5+ 36. Kb5 Be4 37. c3 f4 38. gxf4 exf4 39. Kb6 g5 40. hxg5 h4 41. Bf1 c4 42. Bh3 Ke7 43. a6 Kf7 44. a7 1-0

[Event "IECG CE.2003.0.00046 email"]
[Site "IECG email"]
[Date "2003.01.26"]
[Round "?"]
[White "Odonel Rodrigues, Paulo"]
[Black "Archer, Jim"]
[Result "1-0"]
[WhiteElo "1200"]
[BlackElo "1350"]
[PlyCount "43"]
[EventDate "2003.01.26"]
[EventType "tourn (corr)"]
[EventRounds "6"]
[SourceTitle "Corr 2008"]
[Source "ChessBase"]
[SourceDate "2008.06.24"]
[SourceVersion "1"]
[SourceVersionDate "2008.06.24"]
[SourceQuality "1"]

1. d4 d5 2. c4 e6 3. Nc3 Nf6 4. Bg5 Be7 5. e3 0-0 6. cxd5 exd5 7. Bd3 c5 8. dxc5 Bxc5 9. Qc2 Be6 10. Bxh7+ Kh8 11. Bf5 Re8 12. Rd1 d4 13. Bxe6 Rxe6 14. Nf3 Nc6 15. 0-0 Qe7 16. exd4 Nb4 17. Qb3 Bb6 18. d5 Bxf2+ 19. Rxf2 Rb6 20. Na4 Rb5 21. Bxf6 Qxf6 22. Nd4 1-0

[Event "IECG CE.2003.0.00046 email"]
[Site "IECG email"]
[Date "2003.01.26"]
[Round "?"]
[White "Odonel Rodrigues, Paulo"]
[Black "Jannink, Robert HH"]
[Result "1/2-1/2"]
[WhiteElo "1200"]
[BlackElo "1261"]
[PlyCount "28"]
[EventDate "2003.01.26"]
[EventType "tourn (corr)"]
[EventRounds "6"]
[SourceTitle "Corr 2008"]
[Source "ChessBase"]
[SourceDate "2008.06.24"]
[SourceVersion "1"]
[SourceVersionDate "2008.06.24"]
[SourceQuality "1"]

1. e4 d6 2. d4 g6 3. Nf3 Bg7 4. Nc3 Nf6 5. Be2 0-0 6. 0-0 c5 7. dxc5 dxc5 8. Qxd8 Rxd8 9. Be3 b6 10. Rad1 Nc6 11. Rxd8+ Nxd8 12. Rd1 Bb7 13. Nd2 Nc6 14. Nc4 Rd8 1/2-1/2

[Event "IECG CE.2002.0.00035 email"]
[Site "IECG email"]
[Date "2002.08.24"]
[Round "?"]
[White "Odonel Rodrigues, Paulo"]
[Black "Poblete, Litos"]
[Result "1-0"]
[WhiteElo "1200"]
[BlackElo "1243"]
[PlyCount "89"]
[EventDate "2002.08.24"]
[EventType "tourn (corr)"]
[EventRounds "6"]
[SourceTitle "Corr 2008"]
[Source "ChessBase"]
[SourceDate "2008.06.24"]
[SourceVersion "1"]
[SourceVersionDate "2008.06.24"]
[SourceQuality "1"]

1. Nf3 d5 2. d4 Bf5 3. e3 e6 4. c4 Nf6 5. Qb3 Qc8 6. Nc3 c6 7. Nh4 Bg6 8. Nxg6 hxg6 9. Bd2 Nbd7 10. cxd5 exd5 11. e4 Nb6 12. e5 Ng8 13. h3 Nh6 14. Bd3 Nf5 15. Ne2 Nh4 16. Rg1 Be7 17. a4 Rb8 18. a5 Na8 19. Bc2 Nc7 20. g3 Nf5 21. g4 Nh4 22. f4 Nb5 23. 0-0-0 b6 24. Rg3 bxa5 25. Qa4 Qb7 26. Bxa5 g5 27. f5 0-0 28. Bd2 Rfc8 29. Rb3 c5 30. dxc5 Rxc5 31. Nd4 a6 32. Bc3 Qc7 33. Rd3 Nxc3 34. Rxb8+ Qxb8 35. Rxc3 Rxc3 36. bxc3 Ng2 37. e6 Nf4 38. Qxa6 fxe6 39. fxe6 Bc5 40. Qc6 Bxd4 41. cxd4 Ne2+ 42. Kd1 Nxd4 43. Qxd5 Nxe6 44. Qxe6+ Kh8 45. Qd5 1-0

[Event "IECG QE.2001.0.00012"]
[Site "IECG email"]
[Date "2001.12.30"]
[Round "?"]
[White "Odonel Rodrigues, Paulo"]
[Black "Deas, John"]
[Result "1-0"]
[WhiteElo "1200"]
[BlackElo "1364"]
[PlyCount "41"]
[EventDate "2001.12.30"]
[EventType "tourn (corr)"]
[EventRounds "6"]
[SourceTitle "Corr 2008"]
[Source "ChessBase"]
[SourceDate "2008.06.24"]
[SourceVersion "1"]
[SourceVersionDate "2008.06.24"]
[SourceQuality "1"]

1. e4 e6 2. d4 d5 3. Nc3 Bb4 4. e5 c5 5. a3 Bxc3+ 6. bxc3 Ne7 7. Nf3 Bd7 8. Be2 Ba4 9. 0-0 Nd7 10. c4 cxd4 11. Qxd4 Bxc2 12. Bg5 Bb3 13. c5 Rc8 14. Rfb1 0-0 15. Rxb3 Nxc5 16. Rc3 b6 17. Qh4 Re8 18. Bb5 Nd7 19. Bxe7 Rxe7 20. Rxc8 Qxc8 21. Qxe7 1-0

[Event "IECG QE.2001.0.00012"]
[Site "IECG email"]
[Date "2001.12.30"]
[Round "?"]
[White "Odonel Rodrigues, Paulo"]
[Black "Trevis, Robert R"]
[Result "1/2-1/2"]
[WhiteElo "1200"]
[BlackElo "1248"]
[PlyCount "116"]
[EventDate "2001.12.30"]
[EventType "tourn (corr)"]
[EventRounds "6"]
[SourceTitle "Corr 2008"]
[Source "ChessBase"]
[SourceDate "2008.06.24"]
[SourceVersion "1"]
[SourceVersionDate "2008.06.24"]
[SourceQuality "1"]

1. Nf3 d5 2. d4 Nf6 3. c4 dxc4 4. e3 e6 5. Bxc4 c5 6. 0-0 a6 7. dxc5 Qxd1 8. Rxd1 Bxc5 9. a3 0-0 10. b4 Be7 11. Nc3 b5 12. Bd3 Bb7 13. e4 Rc8 14. Bb2 Nbd7 15. Rac1 Nb6 16. Nd2 Rd8 17. Nb3 Rac8 18. f3 e5 19. Na5 Ba8 20. Bb1 Rd7 21. Re1 Rdc7 22. Ne2 Nfd7 23. Rxc7 Rxc7 24. Rd1 Na4 25. Ba1 h6 26. f4 exf4 27. Nxf4 Bg5 28. Ne2 Nab6 29. Bd4 Rc8 30. Bf2 Re8 31. Ng3 Bf4 32. Nf5 g6 33. Nd6 Re6 34. Ndb7 Re8 35. Nd6 Re6 36. Nab7 Rf6 37. g3 Be5 38. Ba2 Kf8 39. Bc5 Nxc5 40. bxc5 Bxb7 41. Nxb7 Nc4 42. Bxc4 bxc4 43. Na5 c3 44. Kg2 Ke7 45. Rd5 Bc7 46. Nb3 Re6 47. Kf3 f6 48. Rd3 Be5 49. Nd4 Bxd4 50. Rxd4 c2 51. Rc4 Kd7 52. Rxc2 Kc6 53. g4 a5 54. Kf4 Re5 55. h4 g5+ 56. Ke3 gxh4 57. Rf2 Re6 58. Rh2 Kxc5 1/2-1/2

[Event "IECG QE.2001.0.00012"]
[Site "IECG email"]
[Date "2001.12.30"]
[Round "?"]
[White "Phillips, David A"]
[Black "Odonel Rodrigues, Paulo"]
[Result "0-1"]
[WhiteElo "1247"]
[BlackElo "1200"]
[PlyCount "62"]
[EventDate "2001.12.30"]
[EventType "tourn (corr)"]
[EventRounds "6"]
[SourceTitle "Corr 2008"]
[Source "ChessBase"]
[SourceDate "2008.06.24"]
[SourceVersion "1"]
[SourceVersionDate "2008.06.24"]
[SourceQuality "1"]

1. d4 d5 2. c4 e6 3. Nc3 Nf6 4. Bf4 Bb4 5. e3 0-0 6. Nf3 Nc6 7. Bd3 dxc4 8. Bxc4 Nd5 9. Bxd5 Bxc3+ 10. bxc3 exd5 11. 0-0 Bf5 12. Qb3 Na5 13. Qb4 b6 14. Rac1 Re8 15. Rfe1 Nc4 16. h3 Qd7 17. Nh4 Be4 18. f3 Bd3 19. g4 h6 20. Nf5 Bxf5 21. gxf5 Qxf5 22. Kh2 Nd2 23. Kg3 Re6 24. Rg1 Qh5 25. Rcf1 Rg6+ 26. Kh2 Rxg1 27. Rxg1 Nxf3+ 28. Kg2 Nxg1 29. Kxg1 Qxh3 30. Qe7 Rc8 31. Bxc7 Qe6 0-1